Nhận diện và phát huy các giá trị tài nguyên biển đảo phục vụ phát triển bền vững vùng Nam Bộ

Trình bày những vấn đề chung về tài nguyên vị thế vùng biển đảo Tây Nam Bộ, Nam Bộ, Bà Rịa - Vũng Tàu. Những vấn đề lịch sử biển, đảo Đàng trong Việt Nam từ thế kỷ XVIII đến giữa thế kỷ XIX. Những vấn đề kinh tế, văn hoá biển ở Nam...

Täydet tiedot

Tallennettuna:
Bibliografiset tiedot
Päätekijä: Trần, Nam Tiến
Muut tekijät: Phạm, Ngọc Trâm
Aineistotyyppi: Kirja
Kieli:Undetermined
Julkaistu: Tp. Hồ Chí Minh Đại học Quốc gia Tp. Hồ Chí Minh 2014
Aiheet:
Linkit:http://lrc.tdmu.edu.vn/opac/search/detail.asp?aID=2&ID=24236
Tagit: Lisää tagi
Ei tageja, Lisää ensimmäinen tagi!
Thư viện lưu trữ: Trung tâm Học liệu Trường Đại học Thủ Dầu Một
LEADER 01280nam a2200217Ia 4500
001 TDMU_24236
008 210410s9999 xx 000 0 und d
082 |a 333.9164 095977 
090 |b TR121 
100 |a Trần, Nam Tiến 
245 0 |a Nhận diện và phát huy các giá trị tài nguyên biển đảo phục vụ phát triển bền vững vùng Nam Bộ 
245 0 |c Trần Nam Tiến, Phạm Ngọc Trâm (ch.b.) 
260 |a Tp. Hồ Chí Minh 
260 |b Đại học Quốc gia Tp. Hồ Chí Minh 
260 |c 2014 
300 |a 422tr. 
520 |a Trình bày những vấn đề chung về tài nguyên vị thế vùng biển đảo Tây Nam Bộ, Nam Bộ, Bà Rịa - Vũng Tàu. Những vấn đề lịch sử biển, đảo Đàng trong Việt Nam từ thế kỷ XVIII đến giữa thế kỷ XIX. Những vấn đề kinh tế, văn hoá biển ở Nam Bộ 
650 |a Tài nguyên Biển  |x Phát triển bền vững  |z Nam Bộ (Việt Nam) 
700 |a Phạm, Ngọc Trâm 
856 |u http://lrc.tdmu.edu.vn/opac/search/detail.asp?aID=2&ID=24236 
980 |a Trung tâm Học liệu Trường Đại học Thủ Dầu Một